[Event "Chile Championship Absolute 2022"]
[Site "Las Condes"]
[Date "2022.02.22"]
[Round "6.5"]
[White "Aguirre Contreras, Cristian Rodrigo"]
[Black "Diaz Villagran, Robert"]
[Result "1/2-1/2"]
[WhiteElo "2261"]
[BlackElo "2318"]
[Annotator "TA"]
[PlyCount "55"]
[EventDate "2022.02.18"]
[EventType "tourn"]
[EventCountry "CHI"]
[SourceTitle "playchess.com"]
[Source "ChessBase"]
[SourceQuality "1"]

{[%evp 15,55,48,47,24,41,23,54,39,54,23,36,31,43,40,36,0,21,14,22,13,27,20,15,14,26,18,15,-16,-8,-57,-10,-9,0,0,0,0,0,-13,0,0,0,0]} 1. d4 Nf6 2. c4 d6 3. Nc3 Nbd7 4. g3 e5 5. Bg2 Be7 6. Nf3 O-O 7. O-O c6 8. Qc2 Qc7 9. h3 {A54: Old Indian Defence with Nf3, but without e4.} Re8 (9... b5 {seems wilder.} 10. cxb5 cxb5 11. Nh4 Bb7 12. Bxb7 Qxb7 13. Nf5 Rfe8) 10. b3 Nf8 {[%cal Ob7b5]} 11. e4 {White is slightly better.} Ng6 {[#]} 12. d5 $146 ({Predecessor:} 12. Be3 Bd7 13. Rad1 b5 14. dxe5 dxe5 15. c5 Rad8 16. a4 a6 17. axb5 axb5 18. Ra1 Ra8 19. Nd2 h5 20. Ra2 {0-1 (43) Kourek,J (2275)-Spacek,P (2390) Czech Republic 2001}) 12... Bd7 13. Qd3 cxd5 14. Nxd5 ({Much worse is} 14. exd5 Qc8 15. Ng5 h6 $15) 14... Nxd5 15. Qxd5 ({But not} 15. exd5 Qc8 16. Qe4 Bxh3 $15) 15... h6 16. Ne1 a6 17. Nc2 b5 18. Ne3 Be6 19. Qd3 bxc4 20. bxc4 Rac8 {[%cal Re6c4]} 21. Nd5 Qxc4 22. Nxe7+ (22. Rd1 $11) 22... Rxe7 (22... Nxe7 $15 23. Qxc4 Rxc4) 23. Qxd6 {The position is equal.} Rd7 24. Qb6 Rc6 25. Qb8+ Rc8 26. Qb6 Rc6 27. Qb8+ Rc8 28. Qb6 {Weighted Error Value: White=0.12 (very precise) /Black=0.11 (very precise)} 1/2-1/2

[Event "Chile Championship Absolute 2022"]
[Site "Las Condes"]
[Date "2022.02.23"]
[Round "6.6"]
[White "Vergara Rozas, Jose Francisco"]
[Black "Diaz Vasquez, Martin"]
[Result "0-1"]
[WhiteElo "2044"]
[BlackElo "2253"]
[Annotator "TA"]
[PlyCount "132"]
[EventDate "2022.02.18"]
[EventType "tourn"]
[EventCountry "CHI"]
[SourceTitle "playchess.com"]
[Source "ChessBase"]
[SourceQuality "1"]

{[%evp 17,132,-18,0,-21,-16,-42,-42,-61,-67,-58,-20,-34,0,-32,0,0,0,-50,-53,-115,-115,-117,-63,-206,-206,-213,-210,-218,-217,-218,-213,-214,-210,-207,-210,-228,-209,-247,-262,-291,-293,-293,-293,-276,-287,-329,-254,-318,-206,-204,-204,-329,-336,-385,-288,-336,-331,-326,-284,-358,-371,-362,-368,-449,-397,-430,-403,-493,-491,-477,-460,-631,-269,-275,-266,-381,-395,-385,-387,-470,-470,-470,-470,-463,-423,-515,-384,-599,-504,-675,-674,-666,-661,-680,-647,-618,-600,-600,-316,-595,-391,-645,-627,-1225,-1162,-980,-976,-886,-849,-1954,-1939,-1362,-1128,-1128,-898,-29973,-29974]} 1. e4 c5 2. Nf3 e6 3. d4 cxd4 4. Nxd4 Nf6 5. Bd3 Nc6 6. Nxc6 bxc6 7. O-O d5 8. Nd2 Be7 9. Qe2 O-O 10. e5 {B40: Sicilian: 2...e6, Unusual lines.} Nd7 {[%cal Bf6d7,Bd7c5,Bc5d3][%mdl 32]} 11. c3 Nc5 12. Re1 {Black is slightly better.} Nxd3 13. Qxd3 f6 14. Nf3 {[#]} Qb6 $146 ({Predecessor:} 14... Bc5 15. Be3 Qb6 16. Bxc5 Qxc5 17. Qd4 Qb5 18. b4 Rf7 19. a4 Qb6 20. exf6 Rxf6 {1-0 (47) Kreuzer,M (2300)-Domuta,A (2050) Berlin 1993}) 15. b4 fxe5 (15... a5 $5 {[%cal Ra5b4]}) 16. Rxe5 Bf6 17. Re1 ({Reject} 17. Rh5 g6 18. Rh6 a5 $17) (17. Be3 $1 $11 Qb5 18. Qc2) 17... e5 $1 $36 {[%cal Be6e5,Be5e4][%mdl 2080] Strongly threatening ...e4. White is under pressure.} 18. Qe3 (18. Be3 $15 Qd8 19. Qd2) 18... e4 $1 $17 19. Nd4 Bd7 (19... a5 $17 20. Ba3 Re8 21. bxa5 Rxa5) 20. Nb3 {[#] This costs White the game.} (20. Qg3 $15) 20... Bxc3 $1 $19 {[%mdl 512] This bishop pair is nice.} 21. Bd2 (21. Qxc3 $2 {is a self mate.} Qxf2+ 22. Kh1 {[#]} Qf1+ $3 {[%mdl 512]} 23. Rxf1 Rxf1#) 21... Qxe3 22. fxe3 Bxa1 23. Rxa1 Rf7 24. Be1 Raf8 {[%csl Gf8][%cal Rf7f1]} 25. Bg3 Rf6 26. Rc1 Bc8 27. Nc5 Bg4 {White must now prevent ...Be2.} 28. h3 Be2 29. Kh2 Rf1 30. Rc2 Bc4 31. Nd7 Rc8 32. Ne5 Ra1 33. Nxc4 dxc4 34. Rxc4 (34. h4 $142) 34... Rxa2 35. Rxe4 {[%mdl 4096] Endgame KRR-KRB} Rd8 36. Rg4 Rd5 37. e4 Rb5 38. e5 Kf7 39. h4 h5 40. Rc4 Rb6 41. Rd4 Ke7 {Inhibits Rd7+.} 42. Re4 Ra4 {[%cal Oc6c5] aiming for ...c5!} 43. Bf2 Rb5 44. Rc4 Rxe5 (44... a5 $142 45. Rxc6 axb4 46. Bc5+ Kd7 47. Rd6+ Kc7) 45. Rxc6 Kf7 ({And not} 45... Rxb4 46. Bc5+ Rxc5 47. Rxc5 $17) 46. Bc5 (46. Rc7+ {keeps fighting.} Re7 47. Rc5) 46... Re4 47. Rc7+ Kg8 48. Be7 Ra2 49. Kg3 Rg4+ 50. Kf3 a6 51. Ra7 Rgxg2 52. Bd6 (52. Rxa6 {might work better.} Rxa6 53. Kxg2) 52... Rg6 53. Bc5 Rh2 54. Be7 Re6 55. Bg5 Rb2 56. Be7 Rbe2 57. Bg5 {Prevents R6e3+.} R2e4 58. Rb7 $2 (58. Rxa6 {was the only chance.} Kf7 59. Ra7+ Kg6 60. Ra6) 58... Rg4 59. Bd8 $2 (59. b5) 59... Ree4 60. Be7 Rgf4+ 61. Kg3 Rf7 62. Rb8+ Kh7 63. Bg5 {To avoid Re3+} Rg4+ 64. Kh3 Rf3+ 65. Kh2 Rb3 {( -> ...Rb2+)} 66. Rb6 Rc4 {Weighted Error Value: White=0.42/Black=0.23 (precise)} 0-1

[Event "Chile Championship Absolute 2022"]
[Site "Las Condes"]
[Date "2022.02.24"]
[Round "7.1"]
[White "Diaz Vasquez, Martin"]
[Black "Palma Neira, Eliseo Maximiliano"]
[Result "1/2-1/2"]
[WhiteElo "2253"]
[BlackElo "2029"]
[Annotator "TA"]
[PlyCount "142"]
[EventDate "2022.02.18"]
[EventType "tourn"]
[EventCountry "CHI"]
[SourceTitle "playchess.com"]
[Source "ChessBase"]
[SourceQuality "1"]

{[%evp 11,142,20,25,0,37,35,24,19,21,31,33,26,26,20,29,16,33,24,28,1,27,35,14,15,38,0,8,0,25,29,29,28,31,37,50,49,61,60,52,37,54,29,62,59,60,60,58,50,82,50,103,115,163,177,165,160,191,60,77,0,0,0,7,11,62,-19,-23,-238,-206,-177,-182,-252,0,0,0,0,0,0,0,0,0,0,0,0,0,0,0,0,0,0,0,0,7,0,0,0,0,0,7,0,0,0,0,0,0,0,0,0,0,0,34,0,0,0,0,0,0,0,0,0,0,0,0,0,0,0,0,0,0,0,0,0,0]} 1. Nf3 d5 2. b3 Nf6 3. Bb2 c5 4. e3 Nc6 5. Bb5 Bd7 6. O-O e6 7. c4 {A06: Réti Opening: 1 Nf3 d5.} Be7 8. cxd5 exd5 9. d4 {White has an edge.} cxd4 10. Nxd4 O-O {[#]} 11. Nxc6 $146 ({Predecessor:} 11. Be2 Bc5 12. Nxc6 bxc6 13. Nc3 Bd6 14. Bf3 Re8 15. Re1 Qc7 16. g3 Bf5 17. Rc1 {½-½ (23) Cvek,R (2525)-Cyborowski,L (2524) Czech Republic 2017}) 11... bxc6 12. Bd3 Bd6 13. Nd2 Qe7 14. Qc2 Rfe8 15. Bf5 Ne4 16. Bxd7 Qxd7 17. Rac1 Rac8 18. Rfd1 Ng5 19. Nf1 Qg4 20. Ng3 Bxg3 21. hxg3 Qe6 22. Qc3 {[%csl Gb2][%cal Rc3g7]} f6 23. Qd4 Qd7 24. Qa4 Ne4 25. Bd4 Qf5 26. Rf1 (26. f3 Nxg3 27. Rxc6 Qh5 $11) (26. Rc2 $5 {[%cal Rd1c1]}) 26... Qd7 27. Rc2 Rc7 28. Rfc1 {[%cal Rc2c6]} Rec8 29. Bc5 Kf7 30. g4 {[%cal Bg3g4,Bg4h5][%mdl 32]} h5 (30... Ng5 $14) 31. gxh5 $16 Rh8 (31... Qf5 $16 {keeps fighting.}) 32. f3 $18 Ng5 33. Qh4 Kg8 34. Rd2 ({White should play} 34. Qg4 $18) 34... Qe8 $1 $14 35. Rcd1 {White is more active.} (35. Qg3 $16 Rc8 36. Bxa7) 35... Rxh5 $11 36. Qg3 Rd7 37. e4 Qg6 ({Black should try} 37... a6 $11) 38. Qg4 (38. exd5 $2 Nh3+ $1 {[%mdl 512]} 39. Qxh3 Rxh3 $19) (38. Kf2 $1 $14) 38... Rf7 {[%cal Rd5e4]} 39. f4 $2 {[#]} (39. exd5 $2 f5 40. Qxh5 (40. Qg3 $2 Nh3+ 41. Qxh3 Rxh3 $19) 40... Qxh5 $19) (39. Re1 $11 {and White has nothing to worry.}) 39... f5 $1 40. exf5 Rxf5 41. fxg5 {[#]} (41. Rd3 {is a better defense.} Qh6 42. Qxf5 Nf3+ 43. Rxf3 Rxf5 44. Bxa7) 41... Rfxg5 $2 ({Better is} 41... Qh7 $1 $19 {[%csl Gh7][%cal Rh5h1]} 42. Qxh5 Qxh5) 42. Qc8+ Kh7 {Hoping for ...Rg3.} 43. Be3 Rg4 {Threatens to win with ...Rgh4.} 44. Rf1 {Black must now prevent Rf8.} (44. Bxa7 Rgh4 45. Rd4 (45. Bb8 $2 Qe4 $19) 45... Rh1+ 46. Kf2 Rf5+ 47. Qxf5 Qxf5+ 48. Ke3 Qg5+ 49. Kf2 Rh2 $19) 44... Qe4 45. Re2 ({Not} 45. Bxa7 $2 Rgh4 46. Qh3 Rxh3 47. gxh3 Rg5+ 48. Kh2 Qe5+ 49. Kh1 Rg3 $19) 45... d4 46. Rf8 {And now Rh8+ would win.} dxe3 47. Rh8+ Kg6 {( -> ...Qb1+)} 48. Qe8+ Qxe8 49. Rxe8 {[%mdl 4096] Endgame KRR-KRR} Rc5 50. R8xe3 a5 51. Re4 Rg3 52. Kf2 Rgc3 53. Rg4+ Kf6 54. Ra4 Kf5 55. Re8 Rc2+ 56. Kg1 Rd2 57. Rf8+ Kg5 58. Ra8 Rcc2 {[%csl LRa2,LRg2]} 59. R8xa5+ c5 60. Kh1 Rc1+ 61. Kh2 Rcc2 {The position is equal.} 62. Kh1 Rc1+ 63. Kh2 Rcc2 64. Kh3 Rc3+ 65. Kh2 Rcc2 66. Kh3 Rc3+ 67. g3 Rcc2 {[%csl Gc2][%cal Rd2h2]} (67... Rc1 $5 68. Rg4+ Kh5 69. Rh4+ Kg5 70. Rg4+ Kh5 71. Rh4+ Kg5 72. Rg4+ $11) 68. Rg4+ Kh5 {[%csl Gc2][%cal Rd2h2]} (68... Kf5 $5 69. Rf4+ Kg5 70. Rg4+ Kh5 71. Rh4+ Kg5 72. Rg4+ $11) 69. Rh4+ Kg5 $1 {[%csl Gc2][%cal Rd2h2]} 70. Rg4+ Kh5 {[%csl Gc2][%cal Rd2h2]} (70... Kf5 $5 71. Rf4+ Kg5 72. Rg4+ $11) 71. Rh4+ Kg5 $1 {What a bad dream for Black.  Weighted Error Value: White=0.20 (precise) /Black=0.17 (very precise)} 1/2-1/2

[Event "Chile Championship Absolute 2022"]
[Site "Las Condes"]
[Date "2022.02.23"]
[Round "7.2"]
[White "Diaz Villagran, Robert"]
[Black "Vergara Rozas, Jose Francisco"]
[Result "1-0"]
[WhiteElo "2318"]
[BlackElo "2044"]
[Annotator "TA"]
[PlyCount "87"]
[EventDate "2022.02.18"]
[EventType "tourn"]
[EventCountry "CHI"]
[SourceTitle "playchess.com"]
[Source "ChessBase"]
[SourceQuality "1"]

{[%evp 9,87,21,22,12,65,51,95,97,110,105,118,111,125,104,197,207,185,197,194,164,163,130,134,103,111,103,119,81,96,83,77,72,91,62,120,87,88,80,92,90,97,85,89,89,71,62,68,50,57,28,81,35,48,17,11,0,5,6,62,12,78,72,81,62,214,206,404,406,1025,395,399,393,224,365,431,411,443,445,472,434]} 1. e4 c5 2. c3 e6 3. d4 d5 4. exd5 exd5 5. Nf3 Nf6 6. Bb5+ {[%cal Bf1b5,Bb5a4,Ba4b3][%mdl 32] B22: Sicilian: 2 c3.} Nbd7 (6... Bd7 $11 7. Bxd7+ Nbxd7) 7. O-O $14 Be7 (7... cxd4 $14 8. Bg5 (8. Qxd4 Be7 $14) 8... Be7) 8. dxc5 $16 {White is better.} Bxc5 9. Re1+ ({Don't take} 9. b4 Be7 $14) 9... Be7 10. Qe2 $1 {White is much more active.} a6 {[#]} 11. Ba4 $146 ({Predecessor:} 11. Bf4 axb5 12. Bc7 O-O 13. Bxd8 Bxd8 14. Qxb5 Bb6 15. Nbd2 Ra5 16. Qe2 Ng4 17. Nd4 {1-0 (30) Blot,D (1936)-Couronne,P (1750) Montigny le Bretonneux 2005}) 11... b5 {[#]} (11... Kf8 $16) 12. Nd4 $1 $18 Nb8 {Prevents Nc6.} (12... bxa4 $2 13. Nc6 O-O 14. Nxd8 $18) 13. Bb3 Bg4 14. f3 Bd7 15. Bf4 {[%cal Of4c7] Bc7! is the strong threat.} Nc6 16. Bd6 {aiming for Nxc6.} Kf8 17. Bxe7+ Qxe7 18. Qf2 Qd6 19. Nxc6 (19. Nd2 {is more complex.} Ne5 20. Bc2 h5 21. h3 Rc8 22. f4) 19... Bxc6 20. Qd4 h5 21. h4 Rg8 (21... g6 $14) 22. Re5 g6 23. Nd2 {[%cal Od2e4]} Rd8 24. Rae1 {[%cal Oe5e6] Black must now prevent Re6!} Kg7 25. Nf1 ({Resist} 25. Re7 Rge8 26. Rxe8 Bxe8 $14) 25... Rge8 26. Rxe8 Bxe8 27. Kf2 (27. g4 {seems wilder.} Kh7 28. g5 Nd7 29. Bxd5 Nc5 30. Rd1) 27... a5 28. Bc2 b4 29. cxb4 (29. Ne3 {with more complications.} Bc6 30. Rd1 bxc3 31. bxc3 Qh2 32. Rb1) 29... axb4 (29... Rb8 $11 30. bxa5 Rb4 $1) 30. Re5 (30. Ne3 $16) 30... Bc6 $14 31. Ng3 {[%cal Oe5h5,Bf1g3,Bg3e2,Be2f4][%mdl 32] Strongly threatening Rxh5!} Kg8 $1 32. Ne2 Nd7 33. Re3 {[%cal Be5e3,Be3e6,Be6b6][%mdl 32]} Nf6 ({Better is} 33... Nc5 $11) 34. g3 (34. Qf4 $14) 34... Bb7 (34... Bb5 $11 {remains equal.}) 35. Nf4 $16 {[%cal Oc2g6]} Rc8 36. Bxg6 {And now Bf5 would win.} fxg6 {[#] Loses the game.} (36... Rc4 $1 $14 37. Qa7 fxg6 38. Qxb7 Qc5) 37. Re6 $1 $18 Rc2+ $2 (37... Qc5 38. Qxc5 Rxc5) 38. Ke3 {[%cal Bf2e3,Be3d4,Bd4d5][%mdl 32]} Qc7 (38... Qc5 $142 39. Qxc5 Rxc5) 39. Qxf6 $2 (39. Rxf6 Qe7+ 40. Re6) 39... Qc5+ 40. Qd4 {Really sharp!} Qxd4+ 41. Kxd4 Kf7 42. Rb6 Bc8 43. Rxb4 Bf5 44. Kxd5 {Weighted Error Value: White=0.22 (precise) /Black=0.30} 1-0

[Event "Chile Championship Absolute 2022"]
[Site "Las Condes"]
[Date "2022.02.23"]
[Round "7.3"]
[White "Vasquez Toledo, Cristian"]
[Black "Aguirre Contreras, Cristian Rodrigo"]
[Result "1-0"]
[WhiteElo "2154"]
[BlackElo "2261"]
[Annotator "TA"]
[PlyCount "125"]
[EventDate "2022.02.18"]
[EventType "tourn"]
[EventCountry "CHI"]
[SourceTitle "playchess.com"]
[Source "ChessBase"]
[SourceQuality "1"]

{[%evp 9,125,25,45,20,64,47,71,74,67,68,71,52,91,47,125,126,158,101,129,125,170,150,201,135,131,133,200,190,314,311,343,359,370,259,563,564,637,612,597,618,626,629,1681,610,797,806,756,758,611,331,335,354,745,453,407,391,29990,815,779,775,749,644,957,377,787,368,366,350,352,344,344,339,343,339,259,190,269,270,370,366,440,379,402,394,429,421,552,479,463,436,514,486,544,530,720,720,737,713,735,719,690,693,666,581,5923,858,2020,1910,29975,29976,29976,29977,29977,29978,29975,29976,29976,6491]} 1. e4 c6 2. d4 g6 3. Nc3 Bg7 4. h3 d5 5. e5 e6 {[#]} 6. Be3 $146 {B15: Caro-Kann: 3 Nc3: 3...g6 and 3...dxe4 4 Nxe4 Nf6 5 Nxf6+ exf6.} ({Predecessor:} 6. Nf3 Ne7 7. Bg5 Nd7 8. Qd2 h6 9. Bf4 a6 10. Na4 b5 11. Nc5 a5 12. c3 a4 13. Be2 {0-1 (37) Bezdenezhnyh,P (2188)-Matsenko,A (2314) Sochi 2017}) 6... b6 (6... f6 $11 {is superior.}) 7. f4 {White is more active.} Ne7 8. Nf3 {White is better.} Nf5 9. Bf2 h5 10. g3 {[%cal Bg2g3,Bg3g4][%mdl 32]} Ba6 11. Qd2 (11. Bxa6 $16 Nxa6 12. Qe2) 11... Qc8 (11... c5 $1 $14) 12. O-O-O $16 Nd7 13. Be2 (13. g4 $142) 13... Ne7 14. Kb1 c5 (14... b5 $16) 15. g4 c4 (15... Bxe2 $16 16. Qxe2 (16. Nxe2 Rb8 $16) 16... a6) 16. Nh4 {[%cal Of4f5] Threatens to win with f5!} b5 17. a3 {[%cal Of4f5]} hxg4 (17... Qb8 $16 {is a better defense.}) 18. hxg4 $18 {[%cal Of4f5] And now f5! would win.} Nb6 (18... Qb8 $142 19. Na2 Nf8) 19. f5 exf5 20. gxf5 gxf5 21. Rdg1 Rg8 (21... Bh6 {is more resistant.} 22. Be3 (22. Nf3 Qc6 $18) 22... Qc6) 22. Bh5 Qc6 23. e6 Qxe6 24. Re1 Qd7 25. Qg5 Kf8 {[#]} 26. Rhg1 (26. Bxf7 $142 $1 {[%mdl 512]} Kxf7 (26... Bh6 27. Qxh6+) 27. Rxe7+ $1 {[%mdl 512]} Qxe7 28. Qh5+ Ke6 29. Re1+ Be5 30. Rxe5+ Kd7 31. Qxf5+ Ke8 32. Rxe7+ Kxe7 33. Ng6+ Rxg6 34. Qxg6) 26... Nbc8 {[#]} 27. Bxf7 $1 {[%mdl 576] Decoy} Kxf7 28. Qh5+ (28. a4 Kf8 $14) 28... Kf8 29. Ng6+ Nxg6 30. Rxg6 {Hoping for Bg3.} Bb7 $2 (30... Rh8 31. Qg5 (31. Rxg7 Rxh5 32. Rxd7 Nb6 $16) 31... Nd6 32. Nxd5 (32. Rg1 Rh7 $18) 32... Nf7 33. Rxg7 Nxg5 34. Rxd7 Rh7) 31. Rge6 {Threatening mate with Re8+.} (31. Qh7 Qf7 32. Rge6 Nd6 33. Rxd6 Rh8 $14) 31... Nd6 {To avoid Re8+. Strongly threatening ...Rh8.} 32. Bg3 Ne4 {[#]} (32... Nf7 $18 33. Qxf5 Rh8) 33. R1xe4 Rh8 34. Qxf5+ Kg8 35. Rg4 Rf8 36. Qg6 $2 (36. Qg5 {Black must now prevent Re7.} Rh1+ 37. Ka2) 36... Rh7 $2 (36... Qf7 37. Bd6 Qxg6 38. Rexg6 (38. Rgxg6 Rf1+ 39. Ka2 Rhh1 $17) 38... Rf7) 37. Be5 (37. Bd6 $142 Rf7 38. Rg1) 37... Bc8 {[#]} 38. Bxg7 $1 {Really sharp!} Rxg7 (38... Qxg7 39. Rg1) 39. Qxg7+ Qxg7 40. Rxg7+ Kxg7 {[%mdl 4096] Endgame KRB-KRN} 41. Re7+ Kg6 42. Nxd5 Rf1+ (42... Rd8 $142) 43. Ka2 Rd1 44. Rxa7 {aiming for Ne7+.} Kg5 45. Rg7+ Kh6 46. Rc7 Bh3 47. Rc5 Rd2 48. Nb4 Rxd4 49. Rxb5 Bf1 50. a4 {[%cal Ba3a4,Ba4a5][%mdl 32]} Rd8 51. a5 Ra8 52. c3 Kg6 53. Nd5 Ra7 54. Ka3 Kf7 55. Kb4 Bd3 56. Rb6 Ke8 57. Re6+ (57. a6 $142 Rxa6 58. Rxa6) 57... Kd8 58. Rd6+ Kc8 59. Nb6+ {White mates.} Kb8 60. Rd8+ Kb7 61. Rd7+ Ka6 62. Rxa7+ Kxa7 63. Nxc4 {Weighted Error Value: White=0.71/Black=0.75} (63. Kc5 $142 Bc2 64. Nxc4 Bb3 65. Nd2 Ba4 66. b4 Bd7 67. Nc4 Bc8 68. Nb6) 1-0

[Event "Chile Championship Absolute 2022"]
[Site "Las Condes"]
[Date "2022.02.23"]
[Round "7.4"]
[White "Lopez Silva, Hugo Andres"]
[Black "Olivares Olivares, Claudio"]
[Result "0-1"]
[WhiteElo "2407"]
[BlackElo "2380"]
[Annotator "TA"]
[PlyCount "90"]
[EventDate "2022.02.18"]
[EventType "tourn"]
[EventCountry "CHI"]
[SourceTitle "playchess.com"]
[Source "ChessBase"]
[SourceQuality "1"]

{[%evp 18,90,17,-8,41,47,63,72,127,128,129,133,154,168,165,173,269,282,382,386,387,377,390,389,427,312,305,333,727,721,766,769,1336,1190,967,1115,1328,1264,1117,1254,1190,-51,-51,-51,-51,-408,-422,-425,-384,-368,-375,-344,-351,-960,-856,-837,-976,-823,-790,-837,-809,-771,-762,-2295,-1100,-5081,-5073,-5057,-4710,-4134,-4132,-29989,-29990,-29990,-29991]} 1. e4 c5 2. Nf3 d6 3. d4 cxd4 4. Nxd4 Nf6 5. Nc3 a6 6. Be3 e5 7. Nb3 Be6 8. Qd2 Nbd7 $1 {8...Nbd7 scores better than 8...Be7.} 9. f3 b5 10. O-O-O b4 {B90: Sicilian Najdorf: Unusual White 6th moves, 6 Be3 Ng4 and 6 Be3 e5.} (10... Be7 $11) 11. Nd5 $14 Bxd5 12. exd5 Nb6 ({Better is} 12... a5) 13. Qxb4 $16 Nfxd5 14. Bxb6 Nxb6 {[#]} 15. Bxa6 $1 {[%mdl 512] And now Bb5+ would win.} Be7 16. Bb5+ Nd7 (16... Kf8 $142 17. a4 g6) 17. Qg4 $18 {[#]} Rxa2 $146 ({Predecessor:} 17... g6 18. Nc5 Ra7 19. Nxd7 Rxd7 20. Rhe1 f6 21. Qe6 Qc7 22. Re3 Rf8 23. Ra3 Qb7 24. Rxd6 {1-0 (24) Milde,L-Warnest,S DESC email 2004}) 18. Kb1 (18. Qxg7 Bf6 19. Qg4 (19. Bxd7+ Ke7 $16) 19... Qc7 $18) 18... Ra7 19. Qxg7 Bf6 20. Qh6 Ke7 21. g4 {Threatens to win with g5.} (21. Qd2 Qb6 $16) 21... Rg8 {Inhibits g5.} 22. Qxh7 Nc5 $2 (22... Qa8 23. Qf5 Bh4) 23. Nxc5 (23. g5 Rxg5 24. Nxc5 Qa5 $14) 23... Qa5 {[#]} 24. c4 $1 Rg6 (24... Qa2+ 25. Kc2) 25. Ne4 {h4 is the strong threat.} Qa2+ 26. Kc2 Ra3 27. Nxf6 Qb3+ 28. Kb1 Rxf6 {[%cal Bg6f6,Bf6f3,Bf3h3,Bh3h2][%mdl 32]} 29. Qc2 $2 {[#]} (29. Qh8 $18 {[%csl Gb5][%cal Rh8e8]} Qa2+ 30. Kc1 Qa1+ 31. Kc2 Rc3+ 32. Kxc3 Rxf3+ 33. Kc2 (33. Kb4 Qxb2+ 34. Ka5 Ra3+ 35. Ba4 Qc3+ 36. Kb5 Qb2+ 37. Kc6 Rxa4 $11) 33... Rf2+ 34. Kd3 Qxb2 35. Qe8+ (35. Ke4 $2 Qe2+ 36. Kd5 Qf3#) 35... Kf6 36. Qd8+ Kg7 37. Qg5+ Kf8 38. Ke4) 29... Ra1+ $1 $15 30. Kxa1 Qxc2 {The board is on fire.} 31. h4 $2 {[%mdl 8192] This move loses the game for White.} (31. Rc1 $1 $15 Qg2 32. Bc6) 31... Rxf3 $19 {White must now prevent ...Rb3.} 32. Rc1 Qd2 33. Rhd1 Qf2 34. Ka2 {To avoid Rb3} Rh3 ({Wrong is} 34... Qxh4 $2 35. Rd5 $19) 35. c5 $2 (35. h5) 35... Rh2 {[%csl Gh2][%cal Rf2b2]} 36. cxd6+ Kd8 {[%csl Gh2][%cal Rf2b2]} 37. Rb1 Qb6 {( -> ...Qa5+)} 38. Rd5 Qa5+ 39. Kb3 Rh3+ ({Inferior is} 39... Rxh4 40. Rxe5 Rh3+ 41. Kc2 Rh2+ 42. Kb3 Rh3+ 43. Kc2 Rh2+ 44. Kb3 Rh3+ $11) 40. Kc2 Qa2 (40... Qb4 $142 41. Rbd1 Rh2+ 42. R5d2 Rxd2+ 43. Rxd2 Qxb5) 41. Rxe5 Qb3+ 42. Kc1 Rh1+ {[%mdl 64] Skewer} 43. Kd2 Qb4+ 44. Ke3 Rh3+ 45. Ke2 Qxg4+ {Weighted Error Value: White=1.27/Black=0.37} 0-1

[Event "Chile Championship Absolute 2022"]
[Site "Las Condes"]
[Date "2022.02.23"]
[Round "7.5"]
[White "Salinas Herrera, Pablo Patricio"]
[Black "Donoso Diaz, Sebastian"]
[Result "1-0"]
[WhiteElo "2517"]
[BlackElo "2212"]
[Annotator "TA"]
[PlyCount "49"]
[EventDate "2022.02.18"]
[EventType "tourn"]
[EventCountry "CHI"]
[SourceTitle "playchess.com"]
[Source "ChessBase"]
[SourceQuality "1"]

{[%evp 10,49,35,17,39,24,38,33,41,44,54,21,27,22,31,-8,0,0,0,-14,0,0,16,0,12,16,148,105,99,115,78,106,469,345,567,555,622,615,613,611,677,581]} 1. e4 c6 2. d4 d5 3. exd5 cxd5 4. Bd3 Nc6 5. c3 Qc7 6. h3 e6 {6...g6 is the modern continuation. B13: Caro-Kann: Exchange Variation and Panov-Botvinnik Attack.} 7. Nf3 Bd6 8. O-O Nge7 {White is slightly better.} 9. Re1 Bd7 10. a4 a6 11. Nbd2 f6 12. c4 Nb4 13. Bf1 O-O 14. b3 {[#]} Rac8 $146 ({Predecessor:} 14... b6 15. Bb2 Nec6 16. Rc1 Rae8 17. Ba3 Na2 18. Bxd6 Qxd6 19. Ra1 Nab4 20. Qc1 Re7 {0-1 (44) Manish,A (2364)-Moiseenko,V (2543) Anogia 2019}) 15. Ba3 a5 16. Nb1 b6 17. Nc3 e5 {[#]} (17... Rfe8 $11 {remains equal.}) 18. c5 (18. cxd5 $142 $1 {[%cal Od4e5] dxe5! is the strong threat.} exd4 19. Ne4) 18... bxc5 $16 19. dxe5 fxe5 {And now ...Bc6 would win.} 20. Bxb4 Rxf3 $4 {[%mdl 8192] This costs Black the game.} 21. Qxf3 Bc6 {[#]} (21... cxb4 22. Nxd5 Qd8 23. Nxe7+ Qxe7) 22. Ba3 $18 {White is clearly winning.} Rf8 23. Qd1 e4 24. Ra2 Rf6 25. Nb5 {Weighted Error Value: White=0.13 (very precise) /Black=0.62} 1-0